| 000 | 00553nam a22001937a 4500 | ||
|---|---|---|---|
| 003 | OSt | ||
| 005 | 20131015095430.0 | ||
| 008 | 130605s1989 sp ||||| |||| 00| 0 gag d | ||
| 020 | _a8475073956 | ||
| 040 | _cCDMR | ||
| 100 | 1 |
_93690 _aMolina, César Antonio |
|
| 245 | 1 | 0 |
_aPrensa literaria en Galicia (1809-1920) _cCésar Antonio Molina |
| 260 |
_aVigo _bXerais de Galicia _c1989 |
||
| 300 | _a380 p. | ||
| 490 | 0 | _aUniversitaria | |
| 650 | 0 | 4 |
_93682 _aPremsa _zGalícia _y1809-1920 |
| 650 | 0 | 4 |
_93088 _aPeriodisme i literatura _zGalícia |
| 942 |
_2udc _cMON |
||
| 999 |
_c6410 _d6410 |
||